New perspectives on hypertension/ (Record no. 58889)
[ view plain ]
| 000 -LEADER | |
|---|---|
| fixed length control field | 00474nam a22001457a 4500 |
| 008 - FIXED-LENGTH DATA ELEMENTS--GENERAL INFORMATION | |
| fixed length control field | 240116b ||||| |||| 00| 0 eng d |
| 020 ## - INTERNATIONAL STANDARD BOOK NUMBER | |
| International Standard Book Number | 1873413939 |
| 050 ## - LIBRARY OF CONGRESS CALL NUMBER | |
| Classification number | RC685.H8 |
| Item number | N49 2004 |
| 245 ## - TITLE STATEMENT | |
| Title | New perspectives on hypertension/ |
| Statement of responsibility, etc | Adrian J.B. Brady, John R. Petrie, [Editors]. |
| 250 ## - EDITION STATEMENT | |
| Edition statement | 2nd ed. |
| 260 ## - PUBLICATION, DISTRIBUTION, ETC. (IMPRINT) | |
| Place of publication, distribution, etc | Basingstoke, Hants ; West Palm Beach, FL : |
| Name of publisher, distributor, etc | Merit Pub. International, |
| Date of publication, distribution, etc | ©2004. |
| 300 ## - PHYSICAL DESCRIPTION | |
| Extent | 197 p. ; |
| Dimensions | 24 cm. |
| 650 ## - SUBJECT ADDED ENTRY--TOPICAL TERM | |
| Topical term or geographic name as entry element | Hypertension |
| 942 ## - ADDED ENTRY ELEMENTS (KOHA) | |
| Source of classification or shelving scheme | Library of Congress Classification |
| Item type | Book |
| Withdrawn status | Lost status | Source of classification or shelving scheme | Damaged status | Not for loan | Collection code | Home library | Current library | Shelving location | Date acquired | Source of acquisition | Cost, normal purchase price | Full call number | Barcode | Date last seen | Copy number | Price effective from | Koha item type |
|---|---|---|---|---|---|---|---|---|---|---|---|---|---|---|---|---|---|
| Library of Congress Classification | Non-fiction | Bishop Okullu Memorial Library (Limuru Campus) | Bishop Okullu Memorial Library (Limuru Campus) | General Circulation | 16/01/2024 | donation | 700.00 | RC685.H8 N49 2004 | 070867 | 16/01/2024 | 1 | 16/01/2024 | Book | ||||
| Library of Congress Classification | Non-fiction | Bishop Okullu Memorial Library (Limuru Campus) | Bishop Okullu Memorial Library (Limuru Campus) | General Circulation | 28/10/2024 | donation | RC685.H8 N49 2004 | 072135 | 28/10/2024 | 2 | 28/10/2024 | Book |